In the hands of the taliban=taliban ki qaid main (Record no. 324223)
[ view plain ]
| 000 -LEADER | |
|---|---|
| fixed length control field | 00446 a2200121 4500 |
| 001 - CONTROL NUMBER | |
| control field | 89150 |
| 082 ## - DEWEY DECIMAL CLASSIFICATION NUMBER | |
| Classification number | 958.1046092 RID |
| 090 ## - LOCALLY ASSIGNED LC-TYPE CALL NUMBER (OCLC); LOCAL CALL NUMBER (RLIN) | |
| -- | 42098 |
| -- | 42098 |
| 100 ## - MAIN ENTRY--PERSONAL NAME | |
| Personal name | Yvonne Ridley; Mohammad Yahya Khan, translator |
| 245 ## - TITLE STATEMENT | |
| Title | In the hands of the taliban=taliban ki qaid main |
| Remainder of title | After 9/11 Britin women journalist secret mission to afghanistan and his story in the captivity of taliban |
| 260 ## - PUBLICATION, DISTRIBUTION, ETC. | |
| Place of publication, distribution, etc. | Lahore |
| Name of publisher, distributor, etc. | Nigarshat |
| Date of publication, distribution, etc. | 2013 |
| 300 ## - PHYSICAL DESCRIPTION | |
| Extent | 296 p. |
| 942 ## - ADDED ENTRY ELEMENTS (KOHA) | |
| Institution code [OBSOLETE] | CAE NUST |
| Call number prefix | 958.1046092 RID |
| Withdrawn status | Lost status | Damaged status | Not for loan | Collection code | Permanent Location | Current Location | Date acquired | Total Checkouts | Full call number | Barcode | Date last seen | Price effective from | Koha item type |
|---|---|---|---|---|---|---|---|---|---|---|---|---|---|
| College of Aeronautical Engineering (CAE) | College of Aeronautical Engineering (CAE) | 04/03/2017 | 958.1046092 RID | CAE86039 | 04/05/2017 | 04/05/2017 | Book |
